LEADER 00824nam0-22003131i-450- 001 990003068690403321 035 $a000306869 035 $aFED01000306869 035 $a(Aleph)000306869FED01 035 $a000306869 100 $a20000920d1973----km-y0itay50------ba 101 0 $aita 102 $aIT 200 1 $a<>English Book Trade$eAn Economic History of the Making and Sale of Books$fMarjorie Plant. 205 $a3. ed. 210 $aLondon$cAllen & Unwin$d1973. 215 $a520 p.$d21 cm 676 $aE/0 676 $aF/1.402 676 $aH/4.20 702 1$aPlant,$bMarjorie 801 0$aIT$bUNINA$gRICA$2UNIMARC 901 $aBK 912 $a990003068690403321 952 $aF/1.402 PLA$b6781/I$fSES 959 $aSES 996 $aEnglish Book Trade$9464917 997 $aUNINA DB $aING01 LEADER 01037nam a22003131i 4500 001 991004058499707536 005 20031002095351.0 008 031111s1973 it a||||||||||||||||ita 020 $a8834000129 035 $ab12513568-39ule_inst 035 $aARCHE-054683$9ExL 040 $aDip.to Lingue$bita$cA.t.i. Arché s.c.r.l. Pandora Sicilia s.r.l. 082 04$a155.32 100 1 $aBaker, Elsworth F.$0457910 245 12$aL'uomo nella trappola /$cElsworth F. Baker 260 $aRoma :$bAstrolabio,$c1973 300 $a366 p. :$bill. ;$c21 cm 440 0$aPsiche e coscienza 500 $aTrad. A. Giuliani 650 4$aPersonalità 650 4$aSesso 700 1 $aGiuliani, Aldo 765 0 $tMan in the trap 907 $a.b12513568$b02-04-14$c13-11-03 912 $a991004058499707536 945 $aLE012 155.32 BAK$g1$i2012000172289$lle012$o-$pE0.00$q-$rl$s- $t0$u0$v0$w0$x0$y.i12952059$z13-11-03 996 $aUomo nella trappola$9185144 997 $aUNISALENTO 998 $ale012$b13-11-03$cm$da $e-$fita$git $h2$i1